ANANDAKANDAH (Record no. 14474)

MARC details
000 -LEADER
fixed length control field 00318nam a22001457a 4500
003 - CONTROL NUMBER IDENTIFIER
control field SGT
020 ## - INTERNATIONAL STANDARD BOOK NUMBER
International Standard Book Number 978-81-7637-096-7
082 ## - DEWEY DECIMAL CLASSIFICATION NUMBER
Classification number 615.53
Item number A15M
100 ## - MAIN ENTRY--PERSONAL NAME
Personal name MISHRA, SIDDHI NANDAN
245 ## - TITLE STATEMENT
Title ANANDAKANDAH
260 ## - PUBLICATION, DISTRIBUTION, ETC. (IMPRINT)
Place of publication, distribution, etc VARANASI
Name of publisher, distributor, etc CHAUKHAMBHA PUB
Year of Publication 2015
300 ## - PAGE DESCRIPTION
No. of Pages 824
650 ## - SUBJECT ADDED ENTRY--TOPICAL TERM
Topical term or geographic name as entry element AYURVEDA
942 ## - ADDED ENTRY ELEMENTS (KOHA)
Source of classification or shelving scheme Dewey Decimal Classification
Koha item type Books
Holdings
Withdrawn status Lost status Source of classification or shelving scheme Damaged status Use restrictions Not for loan Collection code Home library Current library Shelving location Date acquired Vendor Name Cost, normal purchase price SGTU Bill Number Full call number Accession No. (Barcode) Date last seen Bill Date Koha item type
    Dewey Decimal Classification   Restricted Access   AYURVEDA SGT FA-FP Library SGT FA-FP Library Reference Book 11/01/2018 CHAUKHAMBHA PUB 1000.00 SGTU CP/B/849 615.53 A15M FA7384 11/01/2018 25/12/2017 Books
    Dewey Decimal Classification   Restricted Access   AYURVEDA SGT FA-FP Library SGT FA-FP Library Reference Book 11/01/2018 CHAUKHAMBHA PUB 1000.00 SGTU CP/B/849 615.53 A15M FA7385 11/01/2018 25/12/2017 Books
    Dewey Decimal Classification   Restricted Access   AYURVEDA SGT FA-FP Library SGT FA-FP Library Reference Book 11/01/2018 CHAUKHAMBHA PUB 1000.00 SGTU CP/B/849 615.53 A15M FA7386 11/01/2018 25/12/2017 Books